00407nam a2200169 a 450000100060000000300090000600800410001502000150005604000280007108200190009910000160011824500320013425000060016630000110017249000280018365000260021111678CO-ViMGA141112s2004 ck r 000 u spa d a8482807366 aCO-ViMGAbspacCO-ViMGA04a813.4 T814ap 11 aTwain, Mark10aLas aventuras de Tom Sawyer a1 a187 p. aBiblioteca de aventuras14aNOVELA ESTADOUNIDENSE